000 01532nam a2200373 i 4500
001 196011
003 ES-MaACL
005 20250826062534.0
008 240809s2001 sp 000 0 spa d
017 _aHU 268-2001
020 _a8481271128
035 _aCSIC000924562
035 _a(ES-MaCSI)000924562MAD01-Aleph
035 _a(OCoLC)1025104419
035 _a990009245620204201
040 _aES-MaCSI
_bspa
_cES-MaACL
080 _a94(460)"18/19"(063)
111 2 _aCongreso de Historia Local de Aragón
_n(2º.
_d1999.
_cHuesca)
_9237975
245 1 0 _aNuevas tendencias historiográficas e historia local en España :
_bactas del II Congreso de Historia Local de Aragón (Huesca, 7 al 9 de julio de 1999) /
_cCarmen Frías Corredor y Miguel Ángel Ruiz Carnicer (coordinadores).
260 _aHuesca :
_bInstituto de Estudios Altoaragoneses,
_c2001.
300 _a557 p. ;
_c24 cm.
336 _2rdacontent
_atexto
337 _2rdamedia
_asin mediación
338 _2rdacarrier
_avolumen
651 0 _aEspaña-
_xHistoria local-
_vCongresos y asambleas
_9240035
655 0 _aConferencias
_9234444
700 1 _aFrías Corredor, Carmen
_9237977
700 1 _aRuiz Carnicer, Miguel Ángel
_9138549
852 _aES-MaACL
_bR.153025
_cDEPOJ
_jN-9131
_hDonación: Editorial
_xEncuadernación: rústica
_9205021
942 _cMONOGRAFIA
_n0
954 _iTatiana Alejandra de Castro Pérez
999 _c196011
_d196011